Normal view
MARC view
- Project Supervisor: Asst. Prof. Sobia Hayee Co-Supervisor: Dr. Muwahida Liaqat
Entry Corporate Name
001 - CONTROL NUMBER
- control field: 103551
003 - CONTROL NUMBER IDENTIFIER
- control field: NUST
005 - DATE AND TIME OF LATEST TRANSACTION
- control field: 20221125092518.0
008 - FIXED-LENGTH DATA ELEMENTS
- fixed length control field: 221125|| aca||aabn | a|a d
040 ## - CATALOGING SOURCE
- Original cataloging agency: NUST
- Transcribing agency: NUST
110 ## - HEADING--CORPORATE NAME
- Corporate name or jurisdiction name as entry element: Project Supervisor: Asst. Prof. Sobia Hayee Co-Supervisor: Dr. Muwahida Liaqat
670 ## - SOURCE DATA FOUND
- Source citation: Work cat.: (NUST): Muhammad Minhaj Khokhar Ahmad Shams Malik Muhammad Usama Khan Muhammad Ashfaq 103550, PR-SOF-2191-Semantic Neural Translation Device, 2022
